00682nam a2200181 a 450000100100000000500170001000800410002704000250006804100390009308200160013210000270014824000400017524501070021526000590032230000210038153400660040270000320046800002328020200930022117.0101201s1974 ag r 000 0 spa d aDO-SdBNPbspacBNPHU17aspaheng2Código de idiomas MARC annnnbD983p1 aDuvall, Evelyn Millis,10aWhy wait till marriage?lEspañol.11a¿Por qué esperar hasta el matrimonio? /cEvelyn Millis Duvall ; traducido por Pablo Alberto Deiros. aBuenos Aires :bCasa Bautista de Publicaciones,c1974. a155 p. ;c19 cm. pTítulo original en inglés:tWhy wait till marriage?c19651 aDeiros, Pablo Alberto,etr.